000 00355nam a2200133Ia 4500
008 240624s9999 xx 000 0 und d
041 _aeng
082 _a658.155 LOR
100 _aLORE MARC
245 _aPROFESSIONAL S HANDBOOK OF FINANCIAL RIS
260 _c2000
_aOxford
_bButterworth Heinemann
300 _axxi, : 802 : p. : cm. ; 25
365 _c
_b30
999 _c16436
_d16436